İktisadi, sosyal ve uluslararası hukuki boyutu ile işçinin feshe karşı korunması (Record no. 542)

MARC details
000 -BAŞLIK
Sabit Uzunlukta Kontrol Alanı 01078na a2200253 4500
001 - KONTROL NUMARASI
Denetim Alanı 17564
003 - KONTROL NUMARASI IDENTIFIER
Denetim Alanı MIRAKIL
005 - SON İŞLEM TARİHİ VE ZAMANI
Denetim Alanı 20181213154753.0
008 - SABİT-BOY VERİ ELEMANLARI - GENEL BİLGİLER
Sabit Uzunlukta Kontrol Alanı 161029b tu 000 0
035 ## - SİSTEM KONTROL NUMARASI
Sistem Kontrol Numarası 17564
040 ## - KATALOGLAMA KAYNAK
Orijinal Kataloglama Ajansı Milas
Kataloglama Dili tur
Metne Dönüştürmek Ajansı TR-AnCHP
041 ## - DİL KODU
Metin / Ses Parça Veya Ayrı Başlığın Dil Kodu tur
082 ## - DEWEY ONLU SINIFLANDIRMA NUMARASI
Sınıflandırma Numarası 344.012596
Ürün Numarası İ7i 2002
090 ## - SINIFLAMA NUMARASI
Sınıflama Numarası 344.012596 İ7i 2002
111 ## - ANA GİRİŞ - TOPLANTI ADI
Giriş Elemanı Olarak Toplantı Adı Veya Yargı Alanı Adı İş Hukukuna ve Sosyal Güvenlik Hukukuna İlişkin Sorular ve Çözüm Önerileri
Toplantının Yeri İstanbul
Toplantı Veya Antlaşma İmzalandığı Tarihi 2001
Form Alt Başlık İşçinin Feshe Karşı Korunması
245 ## - BAŞLIK TABLOSU
Başlık İktisadi, sosyal ve uluslararası hukuki boyutu ile işçinin feshe karşı korunması
Sorumluluk Tablosu, Vb Düzenleyenler Galatasaray Üniversitesi Hukuk Fakültesi, İstanbul Barosu Çalışma Hukuku Komisyonu
260 ## - YAYIN, DAĞITIM, VB
Yayın, Dağıtım, Vb Yeri İstanbul
Yayıncı, Dağıtıcı, Vs Adı İstanbul Barosu Yayınları
Yayın, Dağıtım, Vb Tarihi 2002
300 ## - FİZİKSEL TANIM
Kapsam 360 s.
Boyutlar 24 sm.
650 ## - KONU KATMA GİRİŞ - TOPİKAL DÖNEM
Topikal Süreli Veya Coğrafi Ad Giriş Elemanı İşçi güvenliği
Genel Alt Bölümü Hukuk ve mevzuat
Kronolojik Alt Bölümü Toplantılar
Coğrafi Alt Bölümü Türkiye
650 ## - KONU KATMA GİRİŞ - TOPİKAL DÖNEM
Topikal Süreli Veya Coğrafi Ad Giriş Elemanı İş hukuku
Genel Alt Bölümü İşçi güvenliği
Kronolojik Alt Bölümü Toplantılar
Coğrafi Alt Bölümü Türkiye
710 ## - KATMA GİRİŞ - KURUMSAL ADI
Giriş Elemanı Olarak Kurumsal Ad Veya Yargı Alanı Adı İstanbul Barosu Çalışma Hukuku Komisyonu
710 ## - KATMA GİRİŞ - KURUMSAL ADI
Giriş Elemanı Olarak Kurumsal Ad Veya Yargı Alanı Adı Galatasaray Üniversitesi Hukuk Fakültesi
942 ## - EKLENDİ GİRİŞ ELEMANLARI (KOHA)
Sınıflandırma Veya Raf Düzeni Kaynak Dewey Decimal Classification
Koha Öğesi Türü Books
999 ## - SİSTEM KONTROL NUMARALARI (KOHA)
Koha Biblionumber 542
Koha Biblioitemnumber 542
Holdings
Kalıcı Konum Mevcut Konum Edinme Tarihi Edinim Kaynak Toplam Check-Out'Lar Tam Çağrı Numarası Barkod Tarih Son Görülme İtibaren Geçerli Fiyatlar Koha Öğesi Türü Kopya Sayısı
CHP Kütüphanesi CHP Kütüphanesi 10/29/2016 Bağış   344.012596 İ7i 2002 008198 10/29/2016 10/29/2016 Books  
CHP Kütüphanesi CHP Kütüphanesi 11/23/2016 Bağış   344.012596 İ7i 2002 008199 11/23/2016 11/23/2016 Books k.2